| 000 | 003390000a22001450004500 | ||
|---|---|---|---|
| 001 | 003394 | ||
| 003 | MACL | ||
| 040 | _aMACL | ||
| 090 |
_c15387 _d15386 |
||
| 100 | _aChopra, Deepak | ||
| 245 |
_aGrow Younger Live Longer _bTen Steps To Reverse Ageing _cDeepak Chopra |
||
| 260 |
_aRider, _c2001 |
||
| 650 | _aPsychology | ||
| 942 |
_k150 _cBook |
||
| 999 |
_c15295 _d15295 |
||